Великий Каменяр. Проза та драматургія Івана Франка (Запис № 313938)
[ простий вигляд ]
| 000 -Лідер | |
|---|---|
| fixed length control field | 00644nam a22002177a 4500 |
| 003 - Ідентифікатор контрольного номера | |
| control field | UA-OsUOA |
| 001 - Контрольний номер | |
| control field | 27589 |
| 007 - Фіксоване поле фізичного опису | |
| fixed length control field | ta |
| 008 - Елементи даних фіксованої довжини – загальна інформація | |
| fixed length control field | 20040907b un ||||| |||| 00| 0 ukr d |
| 090 ## - Локальний шифр розміщення | |
| Класифікаційний індекс УДК | 821.161.2(075.3) |
| Авторський знак (НП) | В27 |
| 040 ## - Джерело каталогізації | |
| Агенція оригінальної каталогізації | UA-OsUOA |
| Агенція, яка здійснювала перезапис | UA-OsUOA |
| Агенція, яка здійснювала модифікацію | UA-OsUOA |
| 080 ## - Індекс Універсальної десяткової класифікації | |
| Індекс Універсальної десяткової класифікації (УДК) (НП) | 821.161.2(075.3) |
| 020 ## - Міжнародний стандартний книжковий номер (ISBN) | |
| Міжнародний стандартний книжковий номер (ISBN) (НП) | 966-8066-04-9 |
| 245 ## - Відомості про назву | |
| Назва (НП) | Великий Каменяр. Проза та драматургія Івана Франка |
| Решта назви (НП) | Навч. посібник. |
| Дані про відповідальність (НП) | Сост. А. А.Чічановський |
| 260 ## - Публікація, розповсюдження і т.п. (Вихідні дані) | |
| Місце публікації, розповсюдження і т.п. (П) | Київ |
| Ім’я/ наймення видавництва, розповсюджувача і т.п. (П) | Грамота |
| Дата публікації, розповсюдження і т.п. (П) | 2003 |
| 300 ## - Фізичний опис | |
| Обсяг | 672 с. |
| 650 #7 - Додаткове предметне введення – тематичний термін | |
| Джерело заголовка чи терміна | UDC |
| 942 ## - Додаткові елементи входу (Коха) | |
| Тип елемента Koha | Книги |
| 955 ## - Код типу видання за змістом | |
| Код типу видання за змістом (НП) | інше |
| Стан вилучень | Стан втрат | Джерело класифікації або схеми стелажів | Стан уражень | Не для кредиту | Постійне місце розташування | Поточне розміщення | Дата придбання | Вартість, звичайна ціна покупки | Інвентарний номер | Усього замовленно | Повний номер виклику | Штрих-код | Дата останнього перегляду | Ціна ефективна від | Тип елемента Koha |
|---|---|---|---|---|---|---|---|---|---|---|---|---|---|---|---|
| Universal Decimal Classification | АБ - Абонемент НБ | АБ - Абонемент НБ | 02/03/2005 | 25.00 | 83438 | 821.161.2(075.3) В27 | 83438 | 22/02/2022 | 07/09/2004 | Книги | |||||
| Universal Decimal Classification | АБ - Абонемент НБ | АБ - Абонемент НБ | 02/03/2005 | 25.00 | 83439 | 821.161.2(075.3) В27 | 83439 | 22/02/2022 | 07/09/2004 | Книги | |||||
| Universal Decimal Classification | АБ - Абонемент НБ | АБ - Абонемент НБ | 07/09/2004 | 8.40 | 93342 | 821.161.2(075.3) В27 | 93342 | 22/02/2022 | 07/09/2004 | Книги | |||||
| Universal Decimal Classification | АБ - Абонемент НБ | АБ - Абонемент НБ | 07/09/2004 | 8.40 | 93343 | 821.161.2(075.3) В27 | 93343 | 22/02/2022 | 07/09/2004 | Книги | |||||
| Withdrawn | Universal Decimal Classification | АБ - Абонемент НБ | АБ - Абонемент НБ | 07/09/2004 | 8.40 | 93344 | 821.161.2(075.3) В27 | 93344 | 13/07/2019 | 07/09/2004 | Книги |